000 00788nam a2200205Ia 4500
001 14365
005 20260407142503.0
008 260306t2012||||xx |||||||||||||| ||spa||
041 _aESP
082 _a512.5
_bG82 2012
100 _aGrossman S., Stanley I.
_eAUT
245 0 _aÁlgebra lineal
260 _c2012
650 _aGEN
654 _aCMA
856 _uhttps://itmsp.museknowledge.com/UCSP?url=https://www.ebooks7-24.com:443/?il=9168&pg=1
_zVersión digital (2019)
856 _uhttps://0u213vhel-y-https-ebooks7--24-com.itmsp.museknowledge.com/biblioteca.aspx
_zVéase además: Base de datos Ebook7-24
856 _uhttps://0u20fvheo-y-https-research-ebsco-com.itmsp.museknowledge.com/c/qxo6us/search
_zVéase además: Base de datos EBSCOhost
942 _cLIB
_dJUS
_fJUS
_2ddc
999 _c14365
_d14365